| 000 | 01030nam a22003257a 4500 | ||
|---|---|---|---|
| 003 | CHAP | ||
| 005 | 20220329133219.0 | ||
| 008 | 971013s1988 r 00010 d | ||
| 010 | _a3473 | ||
| 011 | _a4445 | ||
| 035 | _a3648 | ||
| 040 | _cCHAP | ||
| 082 |
_a634.955 _bC42 1988 |
||
| 110 |
_aCentro de Genética Forestal, A. C. Chapingo, Méx. _921101 |
||
| 245 | _aInformes de administración | ||
| 260 |
_aChapingo, Méx. : _bEl Centro, _c1988 |
||
| 300 | _av. | ||
| 500 | _aD50-41 | ||
| 500 | _aLa biblioteca tiene: 1988, | ||
| 590 |
_aBATCH-UPD _b10 _c20130110 _lUCH01 _h0151 |
||
| 590 |
_aBATCH-UPD _b10 _c20130110 _lUCH01 _h1849 |
||
| 590 |
_aBATCH-UPD _b10 _c20130410 _lUCH01 _h1219 |
||
| 590 |
_aBATCH-UPD _b10 _c20130914 _lUCH01 _h1540 |
||
| 590 |
_aCONVERSION _b10 _c20130109 _lUCH01 _h1303 |
||
| 650 | 1 | 4 |
_aÁrboles _xMejoramiento. _96622 |
| 650 | 1 | 4 |
_aGenética forestal _xInvestigación. _947493 |
| 901 | _aBK | ||
| 942 | _cLIBRO | ||
| 949 |
_a634.955 C42 1988 _bBC _cLIBRO _d33724000089561 _eLIBRO _f1988 _h79827 _i3648 _mD _si |
||
| 999 |
_c3473 _d3473 |
||